International construction cost commentary (Record no. 109790)

MARC details
000 -LEADER
fixed length control field 01230cad a22002535a 4500
001 - CONTROL NUMBER
control field L147922
008 - FIXED-LENGTH DATA ELEMENTS--GENERAL INFORMATION
fixed length control field 090702s2009 xxk f 000 a0eng d
035 ## - SYSTEM CONTROL NUMBER
System control number (Sirsi) u147922
041 0# - LANGUAGE CODE
Language code of text/sound track or separate title eng
050 04 - LIBRARY OF CONGRESS CALL NUMBER
Classification number 338.4369 $2 18
110 2# - MAIN ENTRY--CORPORATE NAME
Corporate name or jurisdiction name as entry element Rider Levett Bucknall
9 (RLIN) 5520
245 00 - TITLE STATEMENT
Title International construction cost commentary
Remainder of title update survey, May 2009
Medium [electronic publication]
260 3# - PUBLICATION, DISTRIBUTION, ETC.
Place of publication, distribution, etc. London
Name of publisher, distributor, etc. RLB
Date of publication, distribution, etc. 2009
490 #0 - SERIES STATEMENT
Series statement RLB International Construction Cost Commentary
Volume/sequential designation May 2009
520 ## - SUMMARY, ETC.
Summary, etc. Reports statistics on international construction markets and international construction costs as at May 2009. Reveals that economic conditions continue to worsen globally. Signs of improvement can be perceived in China. Suggests that construction markets worldwide experience difficulties, except civil and infrastructure markets which fare better due to extensive government programs.
521 ## - TARGET AUDIENCE NOTE
Target audience note Advanced
590 ## - LOCAL NOTE (RLIN)
Local note KA
650 24 - SUBJECT ADDED ENTRY--TOPICAL TERM
Topical term or geographic name entry element RLB INTERNATIONAL CONSTRUCTION COST COMMENTARY
651 #4 - SUBJECT ADDED ENTRY--GEOGRAPHIC NAME
Geographic name International
690 ## - LOCAL SUBJECT ADDED ENTRY--TOPICAL TERM (OCLC, RLIN)
Topical term or geographic name as entry element BUILT ENVIRONMENT-BUILDING COSTS
690 ## - LOCAL SUBJECT ADDED ENTRY--TOPICAL TERM (OCLC, RLIN)
Topical term or geographic name as entry element BUILT ENVIRONMENT-CONSTRUCTION MARKET
856 40 - ELECTRONIC LOCATION AND ACCESS
Uniform Resource Identifier <a href="https://www.rlb.com/index.html/">https://www.rlb.com/index.html/</a>
Public note View the item free of charge at www.rlb.com...
942 ## - ADDED ENTRY ELEMENTS (KOHA)
Suppress in OPAC 0
Holdings
Withdrawn status Lost status Source of classification or shelving scheme Damaged status Not for loan Home library Current library Shelving location Date acquired Total Checkouts Full call number Barcode Date last seen Copy number Price effective from Koha item type
    Dewey Decimal Classification     Virtual Virtual Online 01/07/2009   ONLINE PUBLICATION 147922-2001 06/08/2019 1 06/08/2019 Book